Which country has more Christians? - Statistics

General Stats
  • This quiz has been taken 32 times
  • The average score is 11 of 18
Answer Stats
Question Answer % Correct
D. R. Congo or Mexico? Second country
93%
Argentina or Peru? First country
87%
Kenya or Uganda? First country
73%
Russia or Philippines? Second country
73%
Indonesia or Kazakhstan? First country
70%
Angola or Madagascar? First Country
67%
Dominican Republic or Guatemala? Second Country
67%
Venezuela or Poland? Second country
60%
Australia or Ghana? Second country
60%
Italy or Germany? First country
57%
South Korea or Vietnam? First country
57%
Ethiopia or Nigeria? Second country
57%
Brazil or United States? Second country
57%
Papua New Guinea or New Zealand? First Country
50%
Tanzania or India? First country
47%
China or France? First country
37%
Georgia or Pakistan? Second country
30%
South Africa or Colombia? First country
23%
No matching quizzes found
Score Distribution
Percent of People with Each Score
Percentile by Number Answered
Your Score History
You have not taken this quiz